| 000 | 00859nam a2200217 a 4500 | ||
|---|---|---|---|
| 001 | 000022144 | ||
| 005 | 20260522124903.0 | ||
| 008 | 100917s1978 dr c r 001 0 spa d | ||
| 040 |
_aDO-SdBNP _bspa _cBNPHU |
||
| 082 |
_a972.93 _bG615s |
||
| 100 | 1 |
_aGoico Castro, Manuel de Jesús, _d1916- _938196 |
|
| 245 | 1 | 0 |
_aSantana y sus apologistas / _cManuel de Jesús Goico Castro. |
| 260 |
_aSanto Domingo : _bCompostela, _c1978. |
||
| 300 |
_a139 p. : _bretr. ; _c17 cm. |
||
| 500 | _aIncluye índice de personas, lugares y materias. | ||
| 600 | 0 |
_aSantana, Pedro. _d1801-1864 _96546 |
|
| 650 | 4 |
_aPresidentes _zRepública Dominicana _xBiografías _91790 |
|
| 650 | 0 |
_aGENERALES _zREPÚBLICA DOMINICANA _vBIOGRAFÍAS _954485 |
|
| 651 | 4 |
_aRepública Dominicana _xEjercito Nacional _xBiografías _945841 |
|
| 651 | 0 |
_aRepública Dominicana -- _xHistoria -- _y1844-1930 _91009 |
|
| 999 |
_c21642 _d21642 |
||